Geology and coal resources of the Cedar Mountain quadrangle, Iron County, Utah. (Record no. 29642)

MARC details
000 -LEADER
fixed length control field 00965cam a22002771 4500
001 - CONTROL NUMBER
control field gs 62000245
003 - CONTROL NUMBER IDENTIFIER
control field DLC
005 - DATE AND TIME OF LATEST TRANSACTION
control field 20260227111411.0
008 - FIXED-LENGTH DATA ELEMENTS--GENERAL INFORMATION
fixed length control field 780330s1962 dcua f000 0 eng
010 ## - LIBRARY OF CONGRESS CONTROL NUMBER
LC control number gs 62000245
035 ## - SYSTEM CONTROL NUMBER
System control number (OCoLC)3763299
040 ## - CATALOGING SOURCE
Original cataloging agency DLC
Transcribing agency USlW
Modifying agency ISS
-- OCoLC
-- DLC
042 ## - AUTHENTICATION CODE
Authentication code premarc
050 00 - LIBRARY OF CONGRESS CALL NUMBER
Classification number QE75
Item number .P9 no. 389
086 0# - GOVERNMENT DOCUMENT CLASSIFICATION NUMBER
Classification number I 19.16:389
100 1# - MAIN ENTRY--PERSONAL NAME
Personal name Averitt, Paul,
Dates associated with a name 1908-
245 10 - TITLE STATEMENT
Title Geology and coal resources of the Cedar Mountain quadrangle, Iron County, Utah.
260 ## - PUBLICATION, DISTRIBUTION, ETC.
Place of publication, distribution, etc. Washington,
Name of publisher, distributor, etc. U.S. Govt. Print. Off.,
Date of publication, distribution, etc. 1962.
300 ## - PHYSICAL DESCRIPTION
Extent iv, 72 p.
Other physical details illus., maps (1 col.) diagrs., tables.
Dimensions 30 cm.
410 20 - SERIES STATEMENT/ADDED ENTRY--CORPORATE NAME [OBSOLETE, CAN/MARC], [LOCAL, USA]
Corporate name or jurisdiction name as entry element Geological Survey (U.S.).
Title of a work Professional paper
Volume number/sequential designation 389
500 ## - GENERAL NOTE
General note Part of illustrative matter fold. in pocket.
504 ## - BIBLIOGRAPHY, ETC. NOTE
Bibliography, etc. note Bibliography: p. 67-69.
650 #0 - SUBJECT ADDED ENTRY--TOPICAL TERM
Topical term or geographic name entry element Coal
Geographic subdivision Utah
-- Cedar Mountain quadrangle.
650 #0 - SUBJECT ADDED ENTRY--TOPICAL TERM
Topical term or geographic name entry element Geology
Geographic subdivision Utah
-- Cedar Mountain quadrangle.
740 0# - ADDED ENTRY--UNCONTROLLED RELATED/ANALYTICAL TITLE
Uncontrolled related/analytical title Cedar Mountain quadrangle, Utah.

No items available.

Powered by Koha